Statistics for Top US Pizza Chains by Gross Sales

Click here to take the quiz!

General Stats

  • This quiz has been taken 63 times
  • The average score is 5 of 10

Answer Stats

Gross Sales (In Billions)Answer% Correct
12.9 BPizza Hut
98%
8 BDomino's Pizza
96%
3 BPapa John's
89%
2.9 BLittle Caesars
69%
0.78 BPapa Murphy's
33%
0.47 BCici's Pizza
27%
0.6 BSbarro
24%
0.4 BChuck E. Cheese's
22%
0.73 BCalifornia Pizza Kitchen
20%
0.37 BRound Table Pizza
5%

Score Distribution

Percentile by Number Answered

Percent of People with Each Score

Your Score History

You have not taken this quiz